00803nam a2200265Ia 4500003000400000005001700004006001800021007000300039008004100042020001500083037001700098040001800115041001300133082001400146100003200160245005900192260004100251300001700292490004500309500002800354650001600382942002200398999001900420952009800439OSt20220926014518.0a|||||r|||| 00| 0ta220923b |||||||| |||| 00| 0 eng d a0070465282 cGeneral Book aRTLcRTLbeng 2engaeng aX:513, L4 aNicosia Francesco M9125941 0aAdvertising, management and societyb A business po  aNew YorkbMcGraw-Hill c1974 axx,386pccm. aProject of the Consumer Research Program aBibliography: p 371-378 aAdvertising hX:513, L4cGB2CC c629240d629240 00104070aRTLbRTLd2022-09-26l0oX:513 L4pRT0412634r2022-09-26 00:00:00w2022-09-26yGB